000 00246nam a22000977a 4500
041 _aeng
080 _a80
100 _aАракин, В. Д.
245 _aИсследования по английской лексикологии.
999 _c280510
_d280510
942 _cBK